<?xml version="1.0" encoding="UTF-8"?><?xml-stylesheet type="text/xsl" href="static/style.xsl"?><OAI-PMH xmlns="http://www.openarchives.org/OAI/2.0/" xmlns:xsi="http://www.w3.org/2001/XMLSchema-instance" xsi:schemaLocation="http://www.openarchives.org/OAI/2.0/ http://www.openarchives.org/OAI/2.0/OAI-PMH.xsd"><responseDate>2026-04-17T21:39:51Z</responseDate><request verb="GetRecord" identifier="oai:www.recercat.cat:20.500.12327/2981" metadataPrefix="marc">https://recercat.cat/oai/request</request><GetRecord><record><header><identifier>oai:recercat.cat:20.500.12327/2981</identifier><datestamp>2025-10-22T11:32:43Z</datestamp><setSpec>com_2072_4428</setSpec><setSpec>com_2072_4427</setSpec><setSpec>col_2072_487898</setSpec></header><metadata><record xmlns="http://www.loc.gov/MARC21/slim" xmlns:dcterms="http://purl.org/dc/terms/" xmlns:xsi="http://www.w3.org/2001/XMLSchema-instance" xmlns:doc="http://www.lyncode.com/xoai" xsi:schemaLocation="http://www.loc.gov/MARC21/slim http://www.loc.gov/standards/marcxml/schema/MARC21slim.xsd">
   <leader>00925njm 22002777a 4500</leader>
   <datafield ind2=" " ind1=" " tag="042">
      <subfield code="a">dc</subfield>
   </datafield>
   <datafield ind2=" " ind1=" " tag="720">
      <subfield code="a">Barnés-Calle, Clara</subfield>
      <subfield code="e">author</subfield>
   </datafield>
   <datafield ind2=" " ind1=" " tag="720">
      <subfield code="a">Matas, Grau</subfield>
      <subfield code="e">author</subfield>
   </datafield>
   <datafield ind2=" " ind1=" " tag="720">
      <subfield code="a">Claret, Anna</subfield>
      <subfield code="e">author</subfield>
   </datafield>
   <datafield ind2=" " ind1=" " tag="720">
      <subfield code="a">Guerrero, Lluis</subfield>
      <subfield code="e">author</subfield>
   </datafield>
   <datafield ind2=" " ind1=" " tag="720">
      <subfield code="a">Fulladosa, Elena</subfield>
      <subfield code="e">author</subfield>
   </datafield>
   <datafield ind2=" " ind1=" " tag="720">
      <subfield code="a">Gou, Pere</subfield>
      <subfield code="e">author</subfield>
   </datafield>
   <datafield ind2=" " ind1=" " tag="260">
      <subfield code="c">2024-04-25</subfield>
   </datafield>
   <datafield ind2=" " ind1=" " tag="520">
      <subfield code="a">High moisture extrusion processing (HMEP) is gaining attention in the plant-based food industry to obtain meat-like textures from different vegetal protein sources. The aim of this study was to evaluate the impact of extrusion process parameters (water feeding rate, barrel temperature and screw speed) on the texture and moisture content of high moisture extrudates (HME) from pea protein isolate using response surface methodology. Sensory textural profile of selected HME was compared with those of cooked chicken breast and a commercial extruded meat analogue sample. Extrusion process parameters had a significant effect on the characteristics of the final product. Barrel temperatures between 145 °C and 165 °C and a water feed rate between 53% and 57% produced HME with an instrumental texture similar to cooked chicken breast, 165 °C and 55% water feed being the conditions that produced the HME with the highest meat-like appearance and sensory fibrousness.</subfield>
   </datafield>
   <datafield ind1="8" ind2=" " tag="024">
      <subfield code="a">Barnés-Calle, Clara, Grau Matas, Anna Claret, Lluis Guerrero, Elena Fulladosa, and Pere Gou. 2024. “High moisture extrusion of pea protein isolate to mimic chicken texture: instrumental and sensory insights”. Food Hydrocolloids 154 (110129) doi:10.1016/j.foodhyd.2024.110129.</subfield>
   </datafield>
   <datafield ind1="8" ind2=" " tag="024">
      <subfield code="a">0268-005X</subfield>
   </datafield>
   <datafield ind1="8" ind2=" " tag="024">
      <subfield code="a">http://hdl.handle.net/20.500.12327/2981</subfield>
   </datafield>
   <datafield ind1="8" ind2=" " tag="024">
      <subfield code="a">https://doi.org/10.1016/j.foodhyd.2024.110129</subfield>
   </datafield>
   <datafield ind2="0" ind1="0" tag="245">
      <subfield code="a">High moisture extrusion of pea protein isolate to mimic chicken texture: Instrumental and sensory insights</subfield>
   </datafield>
</record></metadata></record></GetRecord></OAI-PMH>